|
|
|
|
| LEADER |
00876nam#a2200229#a#4500 |
| 001 |
004132 |
| 005 |
20160721143057.0 |
| 008 |
961213s1989####xxu#################eng#d |
| 020 |
|
|
|a 9211231132
|
| 040 |
|
|
|a AR-beUNQ
|
| 099 |
|
|
|a 07-U2
|
| 110 |
2 |
|
|a United Nations. Department of Technical Co-operation for Development
|
| 245 |
0 |
0 |
|a Management of Government Information Systems : Elements of Strategies and Policies
|c United Nations. Department of Technical Co-operation for Development.
|
| 260 |
|
|
|a Nueva York :
|b Naciones Unidas,
|c 1989
|
| 300 |
|
|
|a 192 p
|
| 650 |
|
7 |
|a ADMINISTRACION PUBLICA
|2 Spines
|
| 650 |
|
7 |
|a SISTEMAS DE INFORMACION
|2 Spines
|
| 650 |
|
7 |
|a SISTEMAS DE INFORMACION PARA LA GESTION
|2 Spines
|
| 650 |
|
7 |
|a METODOS DE GESTION
|2 Spines
|
| 929 |
|
|
|a COMPRA
|b Secretaría de Planificación
|d 4,00E
|e 19981020
|g Exp. 0387/98
|j 20345
|
| 942 |
|
|
|c LIB
|n 0
|
| 999 |
|
|
|c 6908
|d 82295
|